|
|
|
|
| LEADER |
00000nam a2200000 a 4500 |
| 005 |
20110926113956.0 |
| 007 |
cr ||||||||||| |
| 008 |
070109s2004 spc|||||s 000 ||spa|c |
| 020 |
|
|
|a 8495665336 (versin̤ papel)
|
| 035 |
|
|
|a 704
|
| 040 |
|
|
|d vLex
|
| 043 |
|
|
|a e-sp---
|b e-sp---
|
| 090 |
|
|
|c 2574
|d 2574
|
| 100 |
1 |
|
|a Sur̀ez Blavia, Ana
|
| 245 |
1 |
3 |
|a El Concurso de acreedores
|h [Recurso electrn̤ico] /
|c Ana Sur̀ez Blavia
|
| 256 |
|
|
|a Servicio en ln̕ea.
|
| 260 |
|
|
|a Barcelona :
|b Cedecs,
|c 2004
|
| 300 |
|
|
|a 1 recurso electrn̤ico
|
| 504 |
|
|
|a Bibliografa̕
|
| 506 |
1 |
|
|a Contenido solo disponible en los productos indicados
|d vLex Global
|d vLex Global (Academic Edition, excluding Law Schools)
|d vLex Global (U.S. Academic Edition, Law Schools)
|d vLex Global (U.S. Academic Edition, excluding Law Schools)
|d vLex Global (Academic Edition, Law Schools)
|
| 650 |
0 |
4 |
|a Deudor y creditor
|
| 650 |
0 |
4 |
|a Fallida
|
| 650 |
0 |
4 |
|a Deudor i creditor
|z Espaą
|
| 650 |
0 |
4 |
|a Fallida
|x Derecho
|z Espaą
|
| 740 |
0 |
|
|a vLex Libros (Servicio en ln̕ea)
|
| 856 |
4 |
0 |
|z Acceso restringido
|u http://vlex.com/source/concurso-acreedores-704
|
| 942 |
|
|
|c BOOK
|